| 000 | 00380nam a22001577a 4500 | ||
|---|---|---|---|
| 003 | SGT | ||
| 082 |
_a612.76 _bK76W |
||
| 100 | _aWELLS, KATHARINE F. | ||
| 245 | _aKINESIOLOGY : SCIENTIFIC BASIS OF HUMAN MOTION | ||
| 250 | _a6TH | ||
| 260 |
_aPHILADELPHIA _bSAUNDERS COLLEGE PUB _c1976 |
||
| 300 | _a591 | ||
| 650 | _aPHYSIOLOGY | ||
| 653 | _aKINESIOLOGY | ||
| 942 |
_2ddc _cRARE |
||
| 999 |
_c22363 _d22363 |
||